Random Pig Latin to English - Countries - Statistics

General Stats
  • This quiz has been taken 565 times
  • The average score is 18 of 20
Answer Stats
Pig Latin English % Correct
Australiaway Australia
100%
Ahrainbay Bahrain
100%
Arbadosbay Barbados
100%
Indonesiaway Indonesia
100%
Orwaynay Norway
100%
Estoniaway Estonia
98%
Icaraguanay Nicaragua
98%
Itzerlandsway Switzerland
98%
Uruguayway Uruguay
98%
Ethiopiaway Ethiopia
97%
Ermanygay Germany
97%
Indiaway India
97%
Ithuanialay Lithuania
97%
Exicomay Mexico
97%
Urkeytay Turkey
97%
Unitedway Atesstay United States
97%
Ecuadorway Ecuador
96%
Ozambiquemay Mozambique
96%
Ukraineway Ukraine
96%
Uzbekistanway Uzbekistan
96%
Algeriaway Algeria
95%
Argentinaway Argentina
95%
Armeniaway Armenia
95%
Egyptway Egypt
95%
Elway Alvadorsay El Salvador
95%
Iranway Iran
95%
Ontenegromay Montenegro
95%
Unitedway Ingdomkay United Kingdom
95%
Ungaryhay Hungary
94%
Osovokay Kosovo
94%
Uxembourglay Luxembourg
94%
Enezuelavay Venezuela
94%
Austriaway Austria
93%
Elgiumbay Belgium
93%
Eninbay Benin
93%
Azilbray Brazil
93%
Amerooncay Cameroon
93%
Icelandway Iceland
93%
Italyway Italy
93%
Ibyalay Libya
93%
Iechtensteinlay Liechtenstein
93%
Alaysiamay Malaysia
93%
Orthnay Oreakay North Korea
93%
Udansay Sudan
93%
Afghanistanway Afghanistan
92%
Albaniaway Albania
92%
Oliviabay Bolivia
92%
Ambodiacay Cambodia
92%
Olombiacay Colombia
92%
Ongocay Congo
92%
Oatiacray Croatia
92%
Ypruscay Cyprus
92%
Ambiagay Gambia
92%
Israelway Israel
92%
Ivoryway Oastcay Ivory Coast
92%
Amaicajay Jamaica
92%
Anamapay Panama
92%
Araguaypay Paraguay
92%
Ilippinesphay Philippines
92%
Enegalsay Senegal
92%
Ongatay Tonga
92%
Urkmenistantay Turkmenistan
92%
Ietnamvay Vietnam
92%
Angolaway Angola
91%
Azerbaijanway Azerbaijan
91%
Angladeshbay Bangladesh
91%
Adchay Chad
91%
Eritreaway Eritrea
91%
Uatemalagay Guatemala
91%
Iraqway Iraq
91%
Acedoniamay Macedonia
91%
Ewnay Ealandzay New Zealand
91%
Omanway Oman
91%
Ortugalpay Portugal
91%
Outhsay Africaway South Africa
91%
Outhsay Oreakay South Korea
91%
Uvalutay Tuvalu
91%
Utanbhay Bhutan
90%
Equatorialway Uineagay Equatorial Guinea
90%
Aurunay Nauru
90%
Akistanpay Pakistan
90%
Olandpay Poland
90%
Atarqay Qatar
90%
Amoasay Samoa
90%
Olomonsay Islandsway Solomon Islands
90%
Ajikistantay Tajikistan
90%
Andorraway Andorra
89%
Ahamasbay Bahamas
89%
Ijifay Fiji
89%
Auritaniamay Mauritania
89%
Icronesiamay Micronesia
89%
Ongoliamay Mongolia
89%
Yanmarmay Myanmar
89%
Omaniaray Romania
89%
Audisay Arabiaway Saudi Arabia
89%
Erbiasay Serbia
89%
Eychellessay Seychelles
89%
Otswanabay Botswana
88%
Iboutidjay Djibouti
88%
Eorgiagay Georgia
88%
Uineagay-Issaubay Guinea-Bissau
88%
Ordanjay Jordan
88%
Yrgyzstankay Kyrgyzstan
88%
Aldivesmay Maldives
88%
Amibianay Namibia
88%
Epalnay Nepal
88%
Etherlandsnay Netherlands
88%
Igerianay Nigeria
88%
Ingaporesay Singapore
88%
Omaliasay Somalia
88%
Yriasay Syria
88%
Aiwantay Taiwan
88%
Anuatuvay Vanuatu
88%
Ambiazay Zambia
88%
Imbabwezay Zimbabwe
88%
Anadacay Canada
87%
Ubacay Cuba
87%
Ominicaday Dominica
87%
Abongay Gabon
87%
Ussiaray Russia
87%
Ailandthay Thailand
87%
Elizebay Belize
86%
Eecegray Greece
86%
Enadagray Grenada
86%
Irelandway Ireland
86%
Adagascarmay Madagascar
86%
Alawimay Malawi
86%
Arshallmay Islandsway Marshall Islands
86%
Auritiusmay Mauritius
86%
Oroccomay Morocco
86%
Edensway Sweden
86%
Elarusbay Belarus
85%
Apecay Erdevay Cape Verde
85%
Inlandfay Finland
85%
Ancefray France
85%
Uineagay Guinea
85%
Ondurashay Honduras
85%
Uwaitkay Kuwait
85%
Ugandaway Uganda
85%
Omoroscay Comoros
84%
Enmarkday Denmark
84%
Apanjay Japan
84%
Enyakay Kenya
84%
Aintsay Ucialay Saint Lucia
84%
Aticanvay Itycay Vatican City
84%
Emenyay Yemen
84%
Inachay China
83%
Oldovamay Moldova
83%
Echczay Epublicray Czech Republic
82%
Iribatikay Kiribati
82%
Outhsay Udansay South Sudan
82%
Urinamesay Suriname
82%
Anzaniatay Tanzania
82%
Ogotay Togo
82%
Uneibray Brunei
81%
Urkinabay Asofay Burkina Faso
81%
Urundibay Burundi
81%
Ostacay Icaray Costa Rica
81%
Ominicanday Epublicray Dominican Republic
81%
Azakhstankay Kazakhstan
81%
Igernay Niger
81%
Erupay Peru
81%
Unisiatay Tunisia
81%
Anaghay Ghana
80%
Atvialay Latvia
80%
Oveniaslay Slovenia
80%
Azilandsway Swaziland
80%
Ulgariabay Bulgaria
79%
Iberialay Liberia
79%
Altamay Malta
79%
Alaupay Palau
79%
Alimay Mali
78%
Onacomay Monaco
78%
Uyanagay Guyana
77%
Aoslay Laos
77%
Ebanonlay Lebanon
77%
Esotholay Lesotho
77%
Apuapay Ewnay Uineagay Papua New Guinea
77%
Aitihay Haiti
76%
Ovakiaslay Slovakia
74%
Ainspay Spain
74%
Eastway Imortay East Timor
73%
Ansay Arinomay San Marino
73%
Ilechay Chile
70%
Andarway Rwanda
68%
Ierrasay Eonelay Sierra Leone
68%
Isray Ankalay Sri Lanka
67%
No matching quizzes found
Score Distribution
Percent of People with Each Score
Percentile by Number Answered
Your Score History
You have not taken this quiz